Giang hồ Sài Gòn

Wedi'i Gadw mewn:
Manylion Llyfryddiaeth
Prif Awdur: Vũ, Quang Hùng
Fformat: Llyfr
Iaith:Undetermined
Cyhoeddwyd: Thành phố Hồ Chí Minh Trẻ 2012
Pynciau:
Tagiau: Ychwanegu Tag
Dim Tagiau, Byddwch y cyntaf i dagio'r cofnod hwn!
Thư viện lưu trữ: Trung tâm Học liệu Trường Đại học Cần Thơ
LEADER 00556nam a2200193Ia 4500
001 CTU_180997
008 210402s9999 xx 000 0 und d
020 |c 50000 
082 |a 895.9223008 
082 |b H513 
100 |a Vũ, Quang Hùng 
245 0 |a Giang hồ Sài Gòn 
245 0 |c Vũ Quang Hùng 
260 |a Thành phố Hồ Chí Minh 
260 |b Trẻ 
260 |c 2012 
650 |a Short stories, Vietnamese,Truyện ngắn Việt Nam 
904 |i Hải 
980 |a Trung tâm Học liệu Trường Đại học Cần Thơ